Statistiken für Autokarte von Europa

Klicken Sie hier um das Quiz zu spielen!

Allgemein

  • Dieses Quiz wurde 99 mal gespielt
  • Das Durchschnittsergebnis liegt bei 6 aus 11

Antworten auf der Karte

Die Antworten werden auf der Karte rot bzw. grün angezeigt, abhängig davon wie oft sie richtig erraten wurden.
 

Antwortstatistiken

Antwort% Korrekt
Mercedes-Benz
97%
Seat
96%
Ferrari
87%
Volvo
87%
Peugeot
66%
Rolls-Royce
66%
Skoda
60%
Vaz
56%
Fiat
24%
Rimac
3%
ZAZ
1%

Verteilung der Resultate

Perzentil nach korrekt beantworteten Fragen

Anzahl Personen mit jedem Resultat

Ihre Resultats-Entwicklung

Sie haben dieses Quiz noch nicht gespielt